000 00798nam a2200217Ia 4500
001 15609
003 GE_BSU
008 181216s||||||||xx |||||||||||||| ||und||
040 _cGE_BSU
080 _a821.161.1-31
245 _aკლიმ სამგინის ცხოვრება. ორმოცი წელი. ნაწ.2
245 _bმოთხრობა
245 _cთარგმ. ბ. ნანიტაშვილისა.რედ.შ.აფხაიძე
260 _aთბილისი
260 _bსაბჭ. მწერალი
260 _c1960
300 _a730 გვ. 21სმ.
653 _aკლიმ სამგინის ცხოვრება. ორმოცი წელი
653 _aმოთხრობა
942 _cBK
999 _c48709
_d48709